Let us Python (Record no. 11549)

MARC details
000 -LEADER
fixed length control field 00399nam a22001817a 4500
003 - CONTROL NUMBER IDENTIFIER
control field OSt
008 - FIXED-LENGTH DATA ELEMENTS--GENERAL INFORMATION
fixed length control field 220923b ||||| |||| 00| 0 eng d
020 ## - INTERNATIONAL STANDARD BOOK NUMBER
International Standard Book Number 9789391392253
082 ## - DEWEY DECIMAL CLASSIFICATION NUMBER
Classification number 005.133 KAL
100 ## - MAIN ENTRY--PERSONAL NAME
Personal name KANETKAR,Yashavant
245 ## - TITLE STATEMENT
Title Let us Python
250 ## - EDITION STATEMENT
Edition statement 4th
260 ## - PUBLICATION, DISTRIBUTION, ETC. (IMPRINT)
Place of publication, distribution, etc New Delhi
Name of publisher, distributor, etc BPB
Date of publication, distribution, etc 2019
300 ## - PHYSICAL DESCRIPTION
Extent 453
650 ## - SUBJECT ADDED ENTRY--TOPICAL TERM
Topical term or geographic name as entry element IT
700 ## - ADDED ENTRY--PERSONAL NAME
Personal name KANETKAR,Aditya
942 ## - ADDED ENTRY ELEMENTS (KOHA)
Source of classification or shelving scheme Dewey Decimal Classification
Koha item type Text Books
Holdings
Withdrawn status Lost status Source of classification or shelving scheme Damaged status Not for loan Collection code Home library Current library Date acquired Source of acquisition Currency Cost, normal purchase price Bill Number Total Checkouts Full call number Acc. no. / Barcode Date last seen Actual Cost, discounted price Bill Date Koha item type Public note Checked out Date last borrowed
    Dewey Decimal Classification     Computer Science and Engineering in AI & Data Science PIET C-LIBRARY PIET C-LIBRARY 13/09/2022 New Mohan Book Depot Sonepat IN Rupees 320.00 742   005.133 KAL 34183 23/09/2022 320.00 24/06/2022 Text Books Decentralisation of books    
    Dewey Decimal Classification     B.Tech(CSE) PIET C-LIBRARY PIET C-LIBRARY 15/03/2023 International Book Centre IN RUPEES 360.00 IB/CM/95 8 005.133 KAL 34779 27/04/2026 252.00 15/03/2023 Text Books Decentralization 13/11/2026 27/04/2026

Design & Developed by: PIET Central Library
R70 Miles Stone Pattikalyana Samalkha Panipat 132102
mail ID :- [email protected], Phone No:- 0180-2569700 Ex.216